[Event "Olomouc Chess Summer 2018 - IM 2"]
[Site "Olomouc (CZE)"]
[Date "2018.08.12"]
[Round "2.1"]
[White "Murdzia, Piotr"]
[Black "Vanek, Ladislav"]
[Result "1-0"]
[WhiteElo "2400"]
[BlackElo "2271"]
[PlyCount "125"]
[EventDate "2018.??.??"]

1. d4 Nf6 2. c4 c5 3. d5 e6 4. Nc3 exd5 5. cxd5 d6 6. e4 g6 7. h3 Bg7 8. Nf3
O-O 9. Bd3 Re8 10. O-O a6 11. a4 Nh5 12. Bg5 Bf6 13. Be3 Nd7 14. Nd2 Bd4 15.
Bxd4 cxd4 16. Ne2 Ne5 17. Ra3 Bxh3 18. gxh3 Qh4 19. Bb1 d3 20. Bxd3 Qxh3 21.
Bb1 Qh4 22. f4 Ng4 23. Nf3 Qh3 24. Qe1 f5 25. Qh4 Qxh4 26. Nxh4 fxe4 27. Ng2
Rac8 28. Ne3 Ngf6 29. Rc3 Rxc3 30. bxc3 Rc8 31. Bc2 Kf8 32. Rb1 Rc7 33. Rb6 Ke7
34. Rb4 Kd8 35. Kf2 Re7 36. Rc4 Re8 37. Ke1 Re7 38. Kd2 Re8 39. Rb4 Kc7 40. Rb1
Nd7 41. Rh1 Nhf6 42. Nd4 Nc5 43. c4 Re7 44. f5 gxf5 45. Ndxf5 Rf7 46. Rh6 Ng4
47. Nxg4 Rxf5 48. Rxh7+ Kb8 49. Ke2 Rg5 50. Nf2 b5 51. axb5 axb5 52. Nxe4 Rg2+
53. Kd1 Rg1+ 54. Kd2 Rg2+ 55. Kc1 Rxc2+ 56. Kxc2 Nxe4 57. Re7 Ng3 58. cxb5 Nf5
59. Re8+ Kc7 60. Kd3 Kd7 61. Rf8 Ne7 62. Rf7 Ke8 63. Rxe7+ 1-0

[Event "Olomouc Chess Summer 2018 - IM 2"]
[Site "Olomouc (CZE)"]
[Date "2018.08.12"]
[Round "2.2"]
[White "Jurek, Josef"]
[Black "Wiley, Thomas"]
[Result "1/2-1/2"]
[WhiteElo "2253"]
[BlackElo "2207"]
[PlyCount "31"]
[EventDate "2018.??.??"]

1. Nf3 c5 2. g3 Nc6 3. Bg2 e5 4. O-O g6 5. c4 Bg7 6. Nc3 Nge7 7. Ne1 d6 8. Nc2
Be6 9. Ne3 Qd7 10. Ned5 O-O 11. d3 Bh3 12. Bh6 Bxg2 13. Kxg2 Nxd5 14. Nxd5 Ne7
15. Bxg7 Kxg7 16. e4 1/2-1/2

[Event "Olomouc Chess Summer 2018 - IM 2"]
[Site "Olomouc (CZE)"]
[Date "2018.08.12"]
[Round "2.3"]
[White "Yagupov, Igor"]
[Black "Houska, Jiri"]
[Result "1-0"]
[WhiteElo "2405"]
[BlackElo "2203"]
[PlyCount "31"]
[EventDate "2018.??.??"]

1. e4 e6 2. d4 d5 3. Bd3 dxe4 4. Bxe4 Nf6 5. Bf3 c5 6. Ne2 Nc6 7. Be3 Nd5 8.
Bxd5 Qxd5 9. Nbc3 Qxg2 10. Rg1 Qf3 11. Nb5 cxd4 12. Nc7+ Ke7 13. Bxd4 Nxd4 14.
Qxd4 Rb8 15. O-O-O f5 16. Rxg7+ 1-0

[Event "Olomouc Chess Summer 2018 - IM 2"]
[Site "Olomouc (CZE)"]
[Date "2018.08.12"]
[Round "2.4"]
[White "Ptacnikova, Lenka"]
[Black "Mullick, Raahil"]
[Result "1-0"]
[WhiteElo "2247"]
[BlackElo "2201"]
[PlyCount "109"]
[EventDate "2018.??.??"]

1. c4 e5 2. g3 Nf6 3. Bg2 d5 4. cxd5 Nxd5 5. Nf3 Nc6 6. O-O Nb6 7. b3 g6 8. Nc3
Bf5 9. Bb2 Bg7 10. d4 e4 11. Nh4 Nxd4 12. Nxe4 Bg4 13. f3 Be6 14. f4 Bg4 15.
Nc3 Nxe2+ 16. Nxe2 Bxb2 17. Bxb7 O-O 18. Rb1 Qxd1 19. Rfxd1 Bxe2 20. Rd2 Bc3
21. Rxe2 Rab8 22. Bc6 Rbd8 23. Rc1 Bb4 24. Nf3 f6 25. Kg2 Kf7 26. a3 Bxa3 27.
Ra1 Bd6 28. Rxa7 Nc8 29. Rb7 Ne7 30. Bb5 Rb8 31. Bc4+ Kg7 32. Rxc7 Rfe8 33. Rd7
Rbd8 34. Rxd8 Rxd8 35. Nd4 Rb8 36. Ne6+ Kf7 37. Rd2 Rb6 38. Nc7+ Kf8 39. Ne6+
Kf7 40. Kf3 Ke8 41. Nd4 Kd7 42. Nb5 Nc8 43. h4 Kc6 44. Rd5 Bb4 45. Rd8 Nd6 46.
Nxd6 Bxd6 47. Rc8+ Kd7 48. Rh8 g5 49. Rxh7+ Be7 50. h5 Rb8 51. h6 Rf8 52. Rg7
Rh8 53. h7 Kd6 54. Rxe7 Kxe7 55. Bg8 1-0

[Event "Olomouc Chess Summer 2018 - IM 2"]
[Site "Olomouc (CZE)"]
[Date "2018.08.12"]
[Round "2.5"]
[White "Cerveny, Petr"]
[Black "Richterova, Natasa"]
[Result "1-0"]
[WhiteElo "2314"]
[BlackElo "2140"]
[PlyCount "91"]
[EventDate "2018.??.??"]

1. e4 e5 2. Nf3 Nf6 3. Nxe5 d6 4. Nf3 Nxe4 5. d3 Nf6 6. d4 d5 7. Bd3 Bd6 8. O-O
O-O 9. Bg5 Bg4 10. Nbd2 Nbd7 11. c4 dxc4 12. Nxc4 Be7 13. Ne3 Be6 14. Nf5 Bxf5
15. Bxf5 Nd5 16. Bd2 Bf6 17. Qc2 g6 18. Be4 c6 19. Rfe1 Bg7 20. Qb3 N5b6 21. a4
Nf6 22. Bd3 Qd5 23. Qc2 Qd6 24. Qb3 Qd5 25. Qb4 Rfe8 26. a5 Bf8 27. Qc3 Nbd7
28. Bc4 Qf5 29. Qb3 Ne4 30. Bxf7+ Qxf7 31. Qxf7+ Kxf7 32. Rxe4 Rxe4 33. Ng5+
Kg8 34. Nxe4 Bg7 35. Be3 b6 36. Kf1 Rd8 37. axb6 axb6 38. Ra7 h6 39. b3 g5 40.
Rc7 Nb8 41. f3 Kh7 42. Rb7 Nd7 43. Bxg5 hxg5 44. Nxg5+ Kg6 45. Ne6 Ra8 46. Rxd7
1-0

[Event "Olomouc Chess Summer 2018 - IM 2"]
[Site "Olomouc (CZE)"]
[Date "2018.08.12"]
[Round "3.1"]
[White "Richterova, Natasa"]
[Black "Murdzia, Piotr"]
[Result "0-1"]
[WhiteElo "2140"]
[BlackElo "2400"]
[PlyCount "104"]
[EventDate "2018.??.??"]

1. Nf3 Nf6 2. c4 e6 3. g3 d5 4. d4 dxc4 5. Bg2 Be7 6. Qa4+ Nbd7 7. O-O a6 8.
Qxc4 b5 9. Qc2 Bb7 10. Bd2 c5 11. dxc5 Bxc5 12. Rd1 Rc8 13. Bc3 Bxf2+ 14. Kxf2
Ng4+ 15. Ke1 b4 16. Qb3 bxc3 17. Nxc3 Qb6 18. Qxb6 Nxb6 19. Nh4 Bxg2 20. Nxg2
Ke7 21. h3 Nf6 22. Ne3 Nc4 23. Nxc4 Rxc4 24. Rd3 h5 25. Rad1 h4 26. g4 g5 27.
Rd4 Rhc8 28. Kf2 R8c7 29. Kf3 Nd7 30. e3 Ne5+ 31. Ke2 Rb7 32. Na4 f6 33. b3
Rc2+ 34. R1d2 Rxd2+ 35. Rxd2 Rc7 36. b4 Rc1 37. Kf2 Rb1 38. Nc5 Rxb4 39. Nxa6
Rc4 40. Kg2 Rc3 41. Kf2 Rc4 42. Kg2 f5 43. gxf5 exf5 44. Rb2 Kd6 45. Nb4 g4 46.
Rd2+ Ke6 47. Nd5 Nf3 48. Rd1 Rc2+ 49. Kf1 Nd2+ 50. Ke2 Kxd5 51. hxg4 fxg4 52.
Kd3 Rxa2 0-1

[Event "Olomouc Chess Summer 2018 - IM 2"]
[Site "Olomouc (CZE)"]
[Date "2018.08.12"]
[Round "3.2"]
[White "Mullick, Raahil"]
[Black "Cerveny, Petr"]
[Result "0-1"]
[WhiteElo "2201"]
[BlackElo "2314"]
[PlyCount "80"]
[EventDate "2018.??.??"]

1. e4 e6 2. d4 d5 3. e5 c5 4. c3 Nc6 5. Nf3 Bd7 6. a3 f6 7. Bd3 Qc7 8. Bf4
O-O-O 9. b4 c4 10. Bc2 h6 11. h4 Be8 12. h5 f5 13. g3 Nge7 14. Nh4 g5 15. hxg6
Nxg6 16. Nxg6 Bxg6 17. Qc1 Qf7 18. Bd1 Ne7 19. Bf3 Ng8 20. Qe3 Qe8 21. Nd2 Rd7
22. O-O-O Rdh7 23. Rh2 h5 24. Be2 Nh6 25. f3 Kb8 26. Kb2 Nf7 27. Rdh1 a5 28.
Bd1 b5 29. Bc2 Nd8 30. Nb1 Nc6 31. Kc1 Ra7 32. Qe1 Rhh7 33. Kd1 axb4 34. axb4
Ra1 35. Ke2 Rha7 36. Kf1 R7a2 37. Qc1 Kb7 38. Bd2 Rxc2 39. Qxc2 f4 40. Qc1 fxg3
0-1

[Event "Olomouc Chess Summer 2018 - IM 2"]
[Site "Olomouc (CZE)"]
[Date "2018.08.12"]
[Round "3.3"]
[White "Houska, Jiri"]
[Black "Ptacnikova, Lenka"]
[Result "1-0"]
[WhiteElo "2203"]
[BlackElo "2247"]
[PlyCount "81"]
[EventDate "2018.??.??"]

1. d4 Nf6 2. c4 e6 3. Nf3 Bb4+ 4. Bd2 c5 5. Bxb4 cxb4 6. g3 a5 7. Bg2 O-O 8.
O-O d6 9. Nbd2 b6 10. Rc1 Na6 11. Ne5 dxe5 12. Bxa8 exd4 13. a3 Qe7 14. axb4
Nxb4 15. Bg2 e5 16. c5 bxc5 17. Nb3 c4 18. Nxa5 Ba6 19. Qa4 d3 20. Nc6 Nxc6 21.
Qxc6 Bc8 22. Qxc4 dxe2 23. Qxe2 Bg4 24. Qe3 h5 25. Rfe1 Re8 26. h3 Bd7 27. Qc5
Qe6 28. b4 e4 29. b5 Rc8 30. Qg5 Rb8 31. Rb1 Rb6 32. Qe3 Rxb5 33. Rxb5 Bxb5 34.
Bxe4 Qxh3 35. Qb6 Nxe4 36. Qxb5 f5 37. Qb8+ Kh7 38. Qf4 g5 39. Qc7+ Kg6 40.
Qc6+ Kf7 41. Rb1 1-0

[Event "Olomouc Chess Summer 2018 - IM 2"]
[Site "Olomouc (CZE)"]
[Date "2018.08.12"]
[Round "3.4"]
[White "Wiley, Thomas"]
[Black "Yagupov, Igor"]
[Result "0-1"]
[WhiteElo "2207"]
[BlackElo "2405"]
[PlyCount "78"]
[EventDate "2018.??.??"]

1. d4 d5 2. c4 e6 3. Nc3 c6 4. cxd5 exd5 5. Bf4 Bf5 6. e3 Bd6 7. Bxd6 Qxd6 8.
Bd3 Bxd3 9. Qxd3 Nd7 10. Nf3 Ngf6 11. O-O O-O 12. Rfc1 Rfe8 13. Rab1 a5 14. Nd2
Ng4 15. Nf1 g6 16. f3 Ngf6 17. Na4 Re6 18. Nc5 Nxc5 19. Rxc5 Nd7 20. Rc3 f5 21.
g3 a4 22. Re1 Rf8 23. Qc2 Qb4 24. f4 c5 25. Rd1 c4 26. b3 axb3 27. axb3 b5 28.
bxc4 bxc4 29. Rb1 Qa5 30. Qc1 Ra8 31. Nd2 Rb6 32. Rxb6 Nxb6 33. Nf3 Qb4 34. Rc2
Ra3 35. Kf2 Na4 36. Ne5 Qb3 37. h3 Nc3 38. g4 Ra2 39. Rxa2 Qxa2+ 0-1

[Event "Olomouc Chess Summer 2018 - IM 2"]
[Site "Olomouc (CZE)"]
[Date "2018.08.12"]
[Round "3.5"]
[White "Vanek, Ladislav"]
[Black "Jurek, Josef"]
[Result "1/2-1/2"]
[WhiteElo "2271"]
[BlackElo "2253"]
[PlyCount "42"]
[EventDate "2018.??.??"]

1. d4 e6 2. c4 Nf6 3. Nf3 b6 4. g3 Ba6 5. b3 Bb4+ 6. Bd2 Be7 7. Bg2 c6 8. O-O
d5 9. Ne5 Nfd7 10. Nxd7 Nxd7 11. Bc3 O-O 12. Nd2 b5 13. cxd5 cxd5 14. a3 Qc7
15. Bb4 Bxb4 16. axb4 Bb7 17. Nf3 Rfc8 18. Qc1 Qxc1 19. Rfxc1 Rxc1+ 20. Rxc1
Rc8 21. Rxc8+ Bxc8 1/2-1/2

[Event "Olomouc Chess Summer 2018 - IM 2"]
[Site "Olomouc (CZE)"]
[Date "2018.08.13"]
[Round "4.1"]
[White "Murdzia, Piotr"]
[Black "Jurek, Josef"]
[Result "1-0"]
[WhiteElo "2400"]
[BlackElo "2253"]
[PlyCount "73"]
[EventDate "2018.??.??"]

1. c4 Nf6 2. Nc3 c5 3. Nf3 b6 4. e4 d6 5. d4 cxd4 6. Nxd4 Bb7 7. Qe2 e6 8. g4
a6 9. Bg2 Be7 10. Be3 Qc7 11. Rc1 O-O 12. O-O Nbd7 13. g5 Ne8 14. f4 Rc8 15. f5
Qxc4 16. Nd5 Bxd5 17. Rxc4 Bxc4 18. Qc2 Rc7 19. Rc1 Ne5 20. Qd1 Nd3 21. Rc3 e5
22. f6 Nxb2 23. Qd2 exd4 24. Bxd4 Bd8 25. Qxb2 gxf6 26. gxf6 Kh8 27. Bh3 Rg8+
28. Kf2 Rg6 29. Bf5 Bxf6 30. Bxf6+ Rxf6 31. Qc1 d5 32. Qg5 dxe4 33. Rg3 Rxf5+
34. Qxf5 f6 35. Qxe4 Bf7 36. a4 Rc4 37. Qe7 1-0

[Event "Olomouc Chess Summer 2018 - IM 2"]
[Site "Olomouc (CZE)"]
[Date "2018.08.13"]
[Round "4.2"]
[White "Yagupov, Igor"]
[Black "Vanek, Ladislav"]
[Result "1-0"]
[WhiteElo "2405"]
[BlackElo "2271"]
[PlyCount "67"]
[EventDate "2018.??.??"]

1. e4 c5 2. Nf3 d6 3. d4 cxd4 4. Nxd4 Nf6 5. Nc3 a6 6. f3 e5 7. Nb3 Be6 8. Be3
Be7 9. Qd2 O-O 10. O-O-O Nbd7 11. g4 b5 12. g5 b4 13. Ne2 Ne8 14. f4 a5 15. f5
a4 16. fxe6 axb3 17. cxb3 fxe6 18. Bh3 Rxa2 19. Bxe6+ Kh8 20. Ng3 Nc7 21. Bc4
Rf3 22. Nf5 Rxe3 23. Kb1 Nb6 24. Qxe3 Nxc4 25. bxc4 Qa8 26. Nxe7 Qa4 27. Kc1 b3
28. Qc3 Ne6 29. Rhf1 Qa7 30. Nc6 Qb6 31. Nxe5 dxe5 32. Qxb3 Qxb3 33. Rd8+ Nxd8
34. Rf8# 1-0

[Event "Olomouc Chess Summer 2018 - IM 2"]
[Site "Olomouc (CZE)"]
[Date "2018.08.13"]
[Round "4.3"]
[White "Ptacnikova, Lenka"]
[Black "Wiley, Thomas"]
[Result "1/2-1/2"]
[WhiteElo "2247"]
[BlackElo "2207"]
[PlyCount "94"]
[EventDate "2018.??.??"]

1. c4 e6 2. g3 Nf6 3. Bg2 d5 4. Nf3 dxc4 5. O-O Nbd7 6. a4 a5 7. Qc2 Nb6 8. Na3
Bxa3 9. Rxa3 O-O 10. e4 Qe7 11. d3 cxd3 12. Rxd3 Nxe4 13. Re1 Nf6 14. Be3 Rd8
15. Bc5 Qe8 16. Bxb6 Rxd3 17. Qxd3 cxb6 18. Ne5 Bd7 19. Bxb7 Rb8 20. Nxd7 Qxd7
21. Qxd7 Nxd7 22. Bc6 Nc5 23. Rb1 Rc8 24. Bb5 Nb3 25. Kg2 Kf8 26. Rd1 Ke7 27.
Rd7+ Kf6 28. Rb7 Nd4 29. Rxb6 Nxb5 30. Rxb5 Rc2 31. Kf3 g5 32. h3 h5 33. h4 g4+
34. Ke3 e5 35. Rxa5 Rxb2 36. Rb5 Ra2 37. Rb6+ Kf5 38. Rh6 Ra3+ 39. Ke2 Rxa4 40.
Rxh5+ Ke4 41. Rh7 f5 42. Rb7 f4 43. gxf4 exf4 44. Re7+ Kf5 45. Rf7+ Kg6 46. Rf8
Ra2+ 47. Kf1 Ra4 1/2-1/2

[Event "Olomouc Chess Summer 2018 - IM 2"]
[Site "Olomouc (CZE)"]
[Date "2018.08.13"]
[Round "4.4"]
[White "Cerveny, Petr"]
[Black "Houska, Jiri"]
[Result "1-0"]
[WhiteElo "2314"]
[BlackElo "2203"]
[PlyCount "121"]
[EventDate "2018.??.??"]

1. e4 c5 2. Nf3 d6 3. Bb5+ Nd7 4. O-O a6 5. Bd3 Ngf6 6. Re1 e5 7. c3 Be7 8. Bf1
O-O 9. d4 h6 10. a4 b6 11. h3 Bb7 12. d5 Nh7 13. c4 a5 14. Nc3 Bc8 15. Bd3 Re8
16. Kh2 Ndf8 17. g3 Ng6 18. Rf1 Bg5 19. Nxg5 hxg5 20. Be2 Nhf8 21. Kg2 f6 22.
Bh5 Re7 23. Rh1 Qd7 24. Be3 Nh8 25. Bg4 Qd8 26. Qf3 Bxg4 27. hxg4 Rf7 28. Bxg5
Raa7 29. Bd2 g5 30. Rh6 Nhg6 31. Rah1 Rh7 32. R6h5 Raf7 33. Nd1 Ne7 34. Ne3 Qd7
35. Qd1 Rfg7 36. Qb3 Qd8 37. R1h2 Nfg6 38. Qb5 Rh8 39. Kf1 Rgh7 40. Ke2 Kg7 41.
Kd3 Nf8 42. Kc3 Kg6 43. Nf5 Nxf5 44. exf5+ Kf7 45. Qc6 Ke7 46. Rxg5 Qd7 47.
Rg7+ Rxg7 48. Rxh8 Rh7 49. Rxh7+ Nxh7 50. Qxb6 Qxa4 51. Qb5 Qd1 52. Qb7+ Kd8
53. Qa8+ Ke7 54. Qa7+ Ke8 55. Qxh7 a4 56. Qg8+ Kd7 57. Qe6+ Kc7 58. Qe7+ Kc8
59. Qe8+ Kb7 60. Qb5+ Kc8 61. Qc6+ 1-0

[Event "Olomouc Chess Summer 2018 - IM 2"]
[Site "Olomouc (CZE)"]
[Date "2018.08.13"]
[Round "4.5"]
[White "Richterova, Natasa"]
[Black "Mullick, Raahil"]
[Result "1/2-1/2"]
[WhiteElo "2140"]
[BlackElo "2201"]
[PlyCount "90"]
[EventDate "2018.??.??"]

1. e4 c5 2. Nf3 d6 3. Bb5+ Bd7 4. Bxd7+ Qxd7 5. O-O g6 6. d4 cxd4 7. Qxd4 Nf6
8. c4 Bg7 9. Na3 O-O 10. Qd3 Na6 11. Qe2 Nc5 12. Nd2 Qe6 13. Re1 a6 14. f3 Nfd7
15. Nf1 Qe5 16. Rb1 Ne6 17. Ne3 Nd4 18. Qf2 Nc5 19. Rd1 Qh5 20. b3 Be5 21. h3
Bg3 22. Qf1 Nxe4 23. fxe4 Ne2+ 24. Kh1 Bf4 25. Qf3 Qxf3 26. gxf3 Nxc1 27. Nd5
Ne2 28. Re1 Ng3+ 29. Kg2 Nh5 30. Nxe7+ Kg7 31. Rbd1 Be5 32. Nd5 Rad8 33. Nc2
Kh6 34. Nce3 f5 35. Rf1 Ng3 36. Rfe1 Nh5 37. Rf1 Nf4+ 38. Nxf4 Bxf4 39. Nd5
fxe4 40. fxe4 Be5 41. Nc7 Rc8 42. Ne6 Rfe8 43. Nd4 Rf8 44. Ne6 Rfe8 45. Nd4 Rf8
1/2-1/2

[Event "Olomouc Chess Summer 2018 - IM 2"]
[Site "Olomouc (CZE)"]
[Date "2018.08.14"]
[Round "5.1"]
[White "Mullick, Raahil"]
[Black "Murdzia, Piotr"]
[Result "1/2-1/2"]
[WhiteElo "2201"]
[BlackElo "2400"]
[PlyCount "60"]
[EventDate "2018.??.??"]

1. e4 c5 2. Nf3 Nc6 3. d4 cxd4 4. Nxd4 g6 5. Nc3 Bg7 6. Be3 Nf6 7. Bc4 O-O 8.
Bb3 Re8 9. f3 e6 10. O-O d5 11. exd5 Nxd5 12. Nxd5 exd5 13. Bf2 Qg5 14. Kh1 Qh5
15. c3 Be5 16. f4 Bg4 17. Qd2 Bxd4 18. cxd4 Re2 19. Qc3 Rae8 20. Kg1 R2e4 21.
Rfe1 Bd7 22. Bc2 Rxe1+ 23. Rxe1 Rxe1+ 24. Qxe1 Bf5 25. Bd1 Bg4 26. Bc2 Bf5 27.
Bd1 Bg4 28. Bb3 Be6 29. Bc2 Bf5 30. Bd1 Bg4 1/2-1/2

[Event "Olomouc Chess Summer 2018 - IM 2"]
[Site "Olomouc (CZE)"]
[Date "2018.08.14"]
[Round "5.2"]
[White "Houska, Jiri"]
[Black "Richterova, Natasa"]
[Result "1/2-1/2"]
[WhiteElo "2203"]
[BlackElo "2140"]
[PlyCount "61"]
[EventDate "2018.??.??"]

1. d4 d5 2. c4 c6 3. Nc3 Nf6 4. Nf3 e6 5. Bg5 Nbd7 6. e3 Qa5 7. cxd5 exd5 8.
Bd3 Ne4 9. O-O Nxg5 10. Nxg5 Nf6 11. Qc2 h6 12. Nf3 Be7 13. a3 Qd8 14. b4 a6
15. Na4 O-O 16. Nc5 Bd6 17. Ne5 Bxe5 18. dxe5 Ng4 19. Qc3 Qe7 20. f4 Nxe3 21.
Rf3 Nf5 22. g4 Nh4 23. Rg3 Re8 24. Re1 a5 25. bxa5 Qc7 26. Nb3 Ng6 27. Bxg6
fxg6 28. Qd4 Ra6 29. e6 b6 30. f5 Qd8 31. axb6 1/2-1/2

[Event "Olomouc Chess Summer 2018 - IM 2"]
[Site "Olomouc (CZE)"]
[Date "2018.08.14"]
[Round "5.3"]
[White "Wiley, Thomas"]
[Black "Cerveny, Petr"]
[Result "1/2-1/2"]
[WhiteElo "2207"]
[BlackElo "2314"]
[PlyCount "118"]
[EventDate "2018.??.??"]

1. d4 e6 2. c4 Nf6 3. Nc3 Bb4 4. e3 O-O 5. Nge2 Re8 6. a3 Bf8 7. Ng3 d5 8. Be2
b6 9. O-O Bb7 10. b4 g6 11. Bb2 h5 12. Bf3 Nbd7 13. Rc1 a5 14. b5 Bd6 15. Na4
Bf8 16. Nc3 Rc8 17. Nge2 Bd6 18. g3 c6 19. bxc6 Bxc6 20. cxd5 exd5 21. Qb3 Ne4
22. Rc2 Ndf6 23. a4 Bb4 24. Bg2 Qd7 25. Ra1 h4 26. Nxe4 dxe4 27. Bc3 Nd5 28.
Bxb4 Nxb4 29. Rd2 Bd5 30. Qd1 hxg3 31. hxg3 g5 32. Nc1 Rc7 33. Qh5 Qf5 34. g4
Qg6 35. Qxg6+ fxg6 36. Ne2 Kg7 37. Ng3 Rc4 38. Bf1 Rc3 39. Bg2 Rc4 40. Bf1 Rc3
41. Bg2 Re7 42. Bf1 Kf8 43. Bb5 Rec7 44. Kg2 Rc2 45. Rad1 Kf7 46. Kf1 Na2 47.
Ke1 Ke7 48. f3 exf3 49. e4 Bb3 50. d5 Rxd2 51. Rxd2 Rc1+ 52. Kf2 Rc2 53. d6+
Kd8 54. Rxc2 Bxc2 55. Kxf3 Nc3 56. Bc6 Bxa4 57. Bxa4 Nxa4 58. Ke3 Kd7 59. e5
Nc5 1/2-1/2

[Event "Olomouc Chess Summer 2018 - IM 2"]
[Site "Olomouc (CZE)"]
[Date "2018.08.14"]
[Round "5.4"]
[White "Vanek, Ladislav"]
[Black "Ptacnikova, Lenka"]
[Result "1-0"]
[WhiteElo "2271"]
[BlackElo "2247"]
[PlyCount "69"]
[EventDate "2018.??.??"]

1. d4 Nf6 2. c4 e6 3. Nc3 Bb4 4. Qc2 O-O 5. a3 Bxc3+ 6. Qxc3 d6 7. Bg5 b6 8.
Qf3 c6 9. e3 d5 10. cxd5 cxd5 11. Bxf6 Qxf6 12. Qxf6 gxf6 13. Rc1 Ba6 14. Nf3
Rc8 15. Rxc8+ Bxc8 16. Kd2 Nc6 17. Bb5 Bb7 18. Bxc6 Bxc6 19. Rc1 Rc8 20. Ne1
Bd7 21. Rxc8+ Bxc8 22. f3 Ba6 23. Nd3 Kf8 24. b4 Bxd3 25. Kxd3 Kg7 26. e4 Kg6
27. exd5 exd5 28. h4 b5 29. Ke3 f5 30. Kf4 Kf6 31. h5 h6 32. g4 fxg4 33. fxg4
a6 34. g5+ Kg7 35. Kf5 1-0

[Event "Olomouc Chess Summer 2018 - IM 2"]
[Site "Olomouc (CZE)"]
[Date "2018.08.14"]
[Round "5.5"]
[White "Jurek, Josef"]
[Black "Yagupov, Igor"]
[Result "1/2-1/2"]
[WhiteElo "2253"]
[BlackElo "2405"]
[PlyCount "33"]
[EventDate "2018.??.??"]

1. Nf3 d5 2. d4 Nf6 3. c4 c6 4. Nc3 e6 5. e3 Nbd7 6. Qc2 Bd6 7. Bd3 O-O 8. O-O
dxc4 9. Bxc4 a6 10. Rd1 b5 11. Bd3 Qc7 12. Bd2 c5 13. dxc5 Nxc5 14. Bxb5 Bb7
15. Be2 Ng4 16. g3 f5 17. Rac1 1/2-1/2

[Event "Olomouc Chess Summer 2018 - IM 2"]
[Site "Olomouc (CZE)"]
[Date "2018.08.15"]
[Round "6.1"]
[White "Murdzia, Piotr"]
[Black "Yagupov, Igor"]
[Result "1/2-1/2"]
[WhiteElo "2400"]
[BlackElo "2405"]
[PlyCount "23"]
[EventDate "2018.??.??"]

1. c4 c6 2. Nf3 d5 3. e3 Nf6 4. Nc3 e6 5. b3 Bd6 6. Bb2 O-O 7. d4 Nbd7 8. Bd3
e5 9. cxd5 cxd5 10. dxe5 Nxe5 11. Be2 Nxf3+ 12. Bxf3 1/2-1/2

[Event "Olomouc Chess Summer 2018 - IM 2"]
[Site "Olomouc (CZE)"]
[Date "2018.08.15"]
[Round "6.2"]
[White "Ptacnikova, Lenka"]
[Black "Jurek, Josef"]
[Result "1/2-1/2"]
[WhiteElo "2247"]
[BlackElo "2253"]
[PlyCount "86"]
[EventDate "2018.??.??"]

1. Nf3 Nf6 2. g3 b6 3. Bg2 Bb7 4. c4 c5 5. O-O g6 6. b3 Bg7 7. Bb2 O-O 8. Nc3
Na6 9. d3 d5 10. cxd5 Nxd5 11. Qd2 Nxc3 12. Bxc3 Bxc3 13. Qxc3 Qd6 14. Rfd1
Rfd8 15. h4 Nc7 16. Qd2 Qf6 17. Rac1 Ne6 18. Ng5 Bxg2 19. Nxe6 Qxe6 20. Kxg2
Rd4 21. Rc4 Rad8 22. Rdc1 Qd5+ 23. Kg1 e5 24. Qg5 Kg7 25. Rxd4 exd4 26. Qxd5
Rxd5 27. Kg2 Kf6 28. Kf3 Rf5+ 29. Kg2 Ke6 30. g4 Rd5 31. Rh1 h5 32. g5 Kd6 33.
Rh3 Re5 34. e4 dxe3 35. fxe3 Rd5 36. e4 Rd4 37. Rf3 Ke7 38. Kf2 b5 39. Ke3 Rd6
40. Rf2 Ra6 41. Rc2 Kd6 42. Rf2 Ke7 43. Rc2 Kd6 1/2-1/2

[Event "Olomouc Chess Summer 2018 - IM 2"]
[Site "Olomouc (CZE)"]
[Date "2018.08.15"]
[Round "6.3"]
[White "Cerveny, Petr"]
[Black "Vanek, Ladislav"]
[Result "0-1"]
[WhiteElo "2314"]
[BlackElo "2271"]
[PlyCount "114"]
[EventDate "2018.??.??"]

1. e4 c5 2. Nf3 d6 3. Bb5+ Bd7 4. Bxd7+ Qxd7 5. c4 Nc6 6. d4 cxd4 7. Nxd4 Nf6
8. Nc3 Qg4 9. Qxg4 Nxg4 10. Nxc6 bxc6 11. f4 g6 12. h3 Nf6 13. Be3 Bg7 14.
O-O-O h5 15. Rhe1 Nd7 16. Kc2 h4 17. Rd3 Rh5 18. Bf2 g5 19. e5 gxf4 20. exd6 e5
21. Rd2 f5 22. b4 Kf7 23. a4 e4 24. Nxe4 fxe4 25. Rxe4 Be5 26. Bd4 Rf5 27. Rf2
Bxd6 28. c5 Bc7 29. Rfe2 Bd8 30. Re8 Rb8 31. Rh8 Rd5 32. Rh7+ Kg6 33. Rg7+ Kf5
34. Bc3 Bf6 35. Rf7 Kg6 36. Rxf6+ Nxf6 37. Re6 Rf8 38. Rxc6 Kf5 39. Rc7 a5 40.
Bxf6 Rxf6 41. b5 Rd4 42. b6 Rxa4 43. b7 Rb4 44. c6 a4 45. Kc3 Rb6 46. Kd4 a3
47. Kc5 Rfxc6+ 48. Rxc6 Rxb7 49. Ra6 Rb2 50. Ra5 Ke5 51. Kc6+ Ke6 52. Kc5 Rxg2
53. Kd4 Rg3 54. Ke4 Rxh3 55. Kxf4 Rb3 56. Re5+ Kd6 57. Re1 h3 0-1

[Event "Olomouc Chess Summer 2018 - IM 2"]
[Site "Olomouc (CZE)"]
[Date "2018.08.15"]
[Round "6.4"]
[White "Richterova, Natasa"]
[Black "Wiley, Thomas"]
[Result "1/2-1/2"]
[WhiteElo "2140"]
[BlackElo "2207"]
[PlyCount "89"]
[EventDate "2018.??.??"]

1. c4 b6 2. Nc3 Bb7 3. e4 e6 4. a3 Nf6 5. e5 Ne4 6. Nxe4 Bxe4 7. d3 Bb7 8. Qg4
c5 9. Nf3 Nc6 10. Bf4 Ne7 11. Be2 Ng6 12. h4 Nxf4 13. Qxf4 d6 14. Ng5 Qc7 15.
Bh5 g6 16. Qf6 Rg8 17. Bf3 Bxf3 18. Qxf3 Rd8 19. Nxh7 Bg7 20. Nf6+ Bxf6 21.
exf6 Kd7 22. h5 gxh5 23. O-O-O Qc6 24. Qxh5 Rg6 25. f3 Rxf6 26. Qh4 Rg6 27. Qf4
Ke7 28. Rh7 Rf8 29. Qh4+ Ke8 30. Re1 Qd7 31. g4 Qe7 32. Qh2 Kd7 33. Qc2 Kc7 34.
Kb1 Rgg8 35. Qe2 Rh8 36. Reh1 Rxh7 37. Rxh7 Qf6 38. Qe4 Kb8 39. Qc6 Qd4 40. Qe4
Qxe4 41. fxe4 Kc8 42. g5 Kd8 43. Kc2 Ke7 44. g6 Kf6 45. gxf7 1/2-1/2

[Event "Olomouc Chess Summer 2018 - IM 2"]
[Site "Olomouc (CZE)"]
[Date "2018.08.15"]
[Round "6.5"]
[White "Mullick, Raahil"]
[Black "Houska, Jiri"]
[Result "1-0"]
[WhiteElo "2201"]
[BlackElo "2203"]
[PlyCount "59"]
[EventDate "2018.??.??"]

1. e4 c5 2. Nf3 d6 3. d4 cxd4 4. Nxd4 Nf6 5. Nc3 g6 6. Be3 Bg7 7. f3 O-O 8. Qd2
Nc6 9. Bc4 Bd7 10. O-O-O Rc8 11. Bb3 Ne5 12. Kb1 Re8 13. g4 b5 14. Nd5 Nxd5 15.
exd5 Nc4 16. Bxc4 bxc4 17. c3 Qa5 18. Nc2 Ba4 19. Rc1 Bxc2+ 20. Rxc2 Rb8 21.
Rd1 Rb5 22. Ka1 Reb8 23. h4 Rxb2 24. Rxb2 Bxc3 25. Qxc3 Qxc3 26. Bd4 Rxb2 27.
Bxc3 Rc2 28. Bd4 a6 29. g5 Rh2 30. Rb1 1-0

[Event "Olomouc Chess Summer 2018 - IM 2"]
[Site "Olomouc (CZE)"]
[Date "2018.08.16"]
[Round "7.1"]
[White "Houska, Jiri"]
[Black "Murdzia, Piotr"]
[Result "0-1"]
[WhiteElo "2203"]
[BlackElo "2400"]
[PlyCount "94"]
[EventDate "2018.??.??"]

1. d4 d5 2. c4 e6 3. Nc3 c6 4. Nf3 Nf6 5. Bg5 h6 6. Bh4 Nbd7 7. e3 g5 8. Bg3
Nh5 9. Be5 Nxe5 10. Nxe5 Nf6 11. h4 Nd7 12. Nxd7 Bxd7 13. hxg5 Qxg5 14. Qh5 Bg7
15. Qxg5 hxg5 16. Rxh8+ Bxh8 17. Be2 Ke7 18. cxd5 exd5 19. Kd2 Be6 20. g4 b6
21. Bf3 Kd6 22. Rh1 Bf6 23. Rh6 Ke7 24. Rh1 Rd8 25. b4 Kf8 26. a3 Kg7 27. Na4
Bd7 28. Nc3 Be7 29. Kc2 Be6 30. Na4 Rf8 31. Kd2 Bc8 32. Nc3 f5 33. Ke1 fxg4 34.
Be2 b5 35. Rg1 a5 36. bxa5 Bxa3 37. Bxg4 Bb4 38. Kd2 Rxf2+ 39. Kd3 Bxg4 40.
Rxg4 Kg6 41. Rg1 Bxa5 42. Ne2 Bc7 43. Ra1 Rf6 44. Ra6 Kf5 45. Nc3 g4 46. e4+
dxe4+ 47. Nxe4 Rh6 0-1

[Event "Olomouc Chess Summer 2018 - IM 2"]
[Site "Olomouc (CZE)"]
[Date "2018.08.16"]
[Round "7.2"]
[White "Wiley, Thomas"]
[Black "Mullick, Raahil"]
[Result "1/2-1/2"]
[WhiteElo "2207"]
[BlackElo "2201"]
[PlyCount "84"]
[EventDate "2018.??.??"]

1. d4 d5 2. c4 c6 3. Nf3 Nf6 4. e3 Bf5 5. cxd5 cxd5 6. Qb3 Qc7 7. Bd2 e6 8.
Bb5+ Nbd7 9. Ne5 a6 10. Bxd7+ Nxd7 11. f4 Nxe5 12. fxe5 f6 13. Nc3 fxe5 14. Rc1
Qd7 15. dxe5 b5 16. O-O g6 17. e4 dxe4 18. Be3 Bg7 19. Rcd1 Qc6 20. Rd6 Qc4 21.
Qxc4 bxc4 22. Rc6 Bxe5 23. Rxc4 O-O 24. Bh6 Rfc8 25. Rxc8+ Rxc8 26. Re1 Rb8 27.
Nd1 Bf6 28. Be3 h5 29. h3 g5 30. b3 Rd8 31. Nf2 Rc8 32. g4 hxg4 33. hxg4 Bg6
34. Nh3 Rc3 35. Kf2 a5 36. Rc1 Rxc1 37. Bxc1 Kf7 38. Bd2 Bd4+ 39. Ke2 Bb6 40.
a4 e5 41. b4 axb4 42. Bxb4 Kf6 1/2-1/2